00510nam a2200133Ia 4500008004100000100002400041245009700065245006600162260005300228260000900281300001000290650001500300856006100315170221s9999 xx 000 0 und d aAhmad Zubir Ibrahim aDo Young Inspire to be an Entrepreneur? A Case of Secondary Students Perception in Malaysia  cAhmad Zubir Ibrahim, Shazida Jan Mohd Khan, Abdul Rahim Anuar bInternational Review of Management and Marketing c2013 a2 : 2 xMarketing. uhttp://www.econjournals.com/index.php/irmm/issue/view/97